Top Scorer – Champions League 2013/14 - Statistiques

Statistiques générales
  • Ce quiz a été pris 42 fois
  • Le résultat moyen est 10 sur 15
Statistiques - réponses
Goal Team Player % Correct
17 Real Madrid Cristiano Ronaldo
100%
10 Paris Saint-Germain Ibrahimovic
97%
8 FC Barcelone Messi
97%
6 Manchester City Aguero
95%
5 Real Madrid Benzema
95%
6 Real Madrid Bale
89%
6 Borussia Dortmund Lewandowski
89%
5 Borussia Dortmund Reus
76%
5 Bayern Munich Muller
74%
4 Bayern Munich Robben
66%
8 Atlético Madrid Diego Costa
55%
5 Manchester City Alvaro Negredo
8%
4 Atlético Madrid Turan
8%
4 Atlético Madrid Raul Garcia
5%
5 Juventus Turin Vidal
5%
Aucun quiz correspondant
Distribution des résultats
% des personnes avec chaque résultat
Percentile par nombre de réponses
Votre historique - résultats
Vous n’avez pas pris ce quiz